00640nam a22001577a 450000500170000000800410001710000280005824501190008626000090020530000290021450000790024350000310032294200160035399900150036995200980038420171010095508.0110706t xxu||||| |||| 00| 0 eng d aAgustin, Tomas M.91884 aProfile of the industrial arts teachers in both public and private schools of the Division of Laoag City 1981-1982 c1983 axi, [79] leaves c28 cm. aThesis (M.A.T. Practical Arts) Mariano Marcos State University, Laoag City aBibliography: leaves 63-64 2lcccTHEDIS c9699d9699 00102lcc4070aREFbREFd2017-10-10l0p7r2012-08-10w2017-10-10yTHEDISzLibrary Use only